| 000 | 00439nam a2200157Ia 4500 | ||
|---|---|---|---|
| 008 | 210210b1985 xxu||||| |||| 00| 0 eng d | ||
| 020 | _a0 7069 2624 2 | ||
| 082 | _a321.80954 NANG | ||
| 100 | _aNANDA (S) & Others. | ||
| 245 | _aGovernment & administration in India | ||
| 260 |
_aND _bMadhuban educational books _c1985 |
||
| 300 | _avi,139 | ||
| 650 | _aIndian Government | ||
| 690 | _aIndian Constitution & Government | ||
| 906 | _a037730 | ||
| 999 |
_c87893 _d87893 |
||